Algeria in France : transpolitics, race, and nation

Αποθηκεύτηκε σε:
Λεπτομέρειες βιβλιογραφικής εγγραφής
Κύριος συγγραφέας: Silverstein, Paul A., 1970-
Μορφή: Άγνωστο
Γλώσσα:English
Δημοσίευση: Bloomington : Indiana University Press, c2004.
Σειρά:New anthropologies of Europe
Θέματα:
Ετικέτες: Προσθήκη ετικέτας
Δεν υπάρχουν, Καταχωρήστε ετικέτα πρώτοι!

MARC

LEADER 00000c a2200000 4500
001 1/43452
008 070704s2004 us |###|||###||||#|#eng#d
020 |a 9780253217127  
035 |l 10113968  
040 |a GR-MY-UA  |b gre  |e aacr 
041 0 |a eng 
082 0 |a 944.00492765   |2 (22) 
100 1 |a Silverstein, Paul A.,   |d 1970- 
245 1 0 |a Algeria in France :   |b transpolitics, race, and nation /   |c Paul A. Silverstein.  
260 |a Bloomington :   |b Indiana University Press,   |c c2004.  
300 |a xi, 284 σ. ;   |c 24 εκ. 
490 1 |a (New anthropologies of Europe)  
500 |a Based on the authors thesis (Ph. D.--University of Chicago, 1998) presented under the title: Trans-politics: Islam, Berberity and the French nation-state.  
504 |a Bιβλιογραφία: σ. [255]-275) και ευρετήριο.  
650 0 0 |a Algerians  |z France  |x History. 
650 0 0 |a Algerians  |z France  |x Ethnic identity. 
650 0 0 |a Algerians  |z France  |x Social conditions. 
650 0 0 |a Algerians  |z France  |x Economic conditions. 
650 0 0 |a Algerians  |z France  |x Cultural assimilation. 
650 0 0 |a Immigrants  |x Cultural assimilation  |z France. 
650 0 0 |a Algerians  |z France  |x Attitudes. 
650 0 0 |a Islam  |z France. 
651 0 |a France  |x Emigration and immigration  |x History. 
651 0 |a Algeria  |x Emigration and immigration  |x History. 
830 0 |a New anthropologies of Europe 
852 |a INST  |b LESVOS  |e 20070704  |h 944.00492765 SIL  |p 005100037914  |q 005100037914  |t BK  |y 0 
852 |a INST  |b LESVOS  |e 20230327  |h 944.00492765 SIL  |p 005100053430  |q 005100053430  |t BK  |y 0 
901 |a BIBL1-2014-1 
901 |a BIBL1-2013-1 
901 |a BIBL1-2007-2 
922 |a 1ΕΛΗ  |b 2012-10  |c ΤΜΗΜΑ ΚΟΙΝΩΝΙΚΗΣ ΑΝΘΡΩΠΟΛΟΓΙΑΣ ΚΑΙ ΙΣΤΟΡΙΑΣ  |d ΙΩΑΝΝΙΔΟΥ 
922 |a 1ΕΛΗ  |b 200706  |c ΕΠΕΑΕΚ2/ΤΚΑ  |d ΠΑΠΑΣΩΤΗΡΙΟΥ 
970 |a ΚΑΡΑ  |b ΓΙΑΣΕΜΗ  |z 2007/07/04